000
00273 a2200097 4500
020
_a
9789360863937
100
_a
Gagan Gill
245
_a
Thapak thapak dil thapak thapak(थपक थपक दिल थपक थपक)
260
_b
Rajkamal prakashan
_c
2024
942
_c
OO
999
_c
116315
_d
116314